| 000 | 00975 a2200289 4500 | ||
|---|---|---|---|
| 003 | OSt | ||
| 005 | 20180116192328.0 | ||
| 008 | 110810t2001 xxu||||| |||| 00| 0 eng d | ||
| 010 | _a 2001033489 | ||
| 020 | _a0750648465 (pbk.) | ||
| 040 | _c0 | ||
| 082 | 0 | 0 | _a694.6 |
| 100 | 1 |
_aBlanc, Alan. _943 |
|
| 245 | 1 | 0 |
_aStairs / _cAlan and Sylvia Blanc. |
| 250 | _a2nd ed. | ||
| 260 |
_aOxford ; _aBoston : _bArchitecture Press, _c2001. |
||
| 300 |
_a232 p. : _bill. ; _c28 cm. |
||
| 500 | _aRev. ed. of: Stairs, steps, and ramps / Alan Blanc. 1996. | ||
| 500 | _aIncludes index. | ||
| 650 | 0 |
_aStaircases. _944 |
|
| 700 | 1 |
_aBlanc, Sylvia. _945 |
|
| 700 | 1 |
_aBlanc, Alan. _946 |
|
| 856 | 4 | 2 |
_3Publisher description _uhttp://www.loc.gov/catdir/description/els031/2001033489.html |
| 856 | 4 | 2 |
_3Table of contents _uhttp://www.loc.gov/catdir/toc/els031/2001033489.html |
| 942 |
_aSADA _cBK _k694.6 BLA 2001 _2ddc |
||
| 999 |
_c352273 _d352273 |
||